000 003960000a22001690004500
003 LK-CoMWRAF
008 230817t ||||| |||| 00| 0 eng d
040 _aLK-CoMWRAF
_dLK-CoMWRAF
_eLK-CoMWRAF
041 _aeng
082 _a023
_bAMU
100 _aAmuthaparathi
245 _aAikku Anthathi
_b
260 _aMadras
_bBhama pathipakam
_c1992
300 _ap.80
650 _apoem
942 _cBK
999 _c2813
_d2813